000 00659nam a22001937a 4500
005 20180803165626.0
008 150115b ck |||||r|||| 00| 0 spa d
040 _aCO-BoIAVH
_cCO-BoIAVH
041 _aspa
044 _ack
090 _aEA
_b00267
245 _aBiocombustible, de la mano con los agricultores colombianos
260 _a[Sin lugar de publicación]
_bCorporación Colombiana de Investigación Agropecuaria-Corpoica,
_c[Sin fecha de publicación]
300 _a23 pag
_bFot (col)
_c21 cm.
650 4 _aDesarrollo rural
_992673
650 4 _aCombustibles vegetales
_931732
650 _aBiocombustible
_xProducción
_931733
942 _2z
_cLIBRO
999 _c8993
_d8993